[Event "Otvoreno prvenstvo Subotice 2014"]
[Site "Subotica"]
[Date "2014.03.05"]
[Round "7.9"]
[White "Matkovic, Jovan"]
[Black "Smit, Jovan"]
[Result "1/2-1/2"]
[WhiteElo "2017"]
[BlackElo "1817"]
[PlyCount "81"]
[EventDate "2014.02.19"]

1. e4 e5 2. Nf3 Nc6 3. Bc4 Nf6 4. Ng5 d5 5. exd5 Na5 6. Bb5+ Bd7 7. Qe2 Qe7 8.
b4 Qxb4 9. Qxe5+ Qe7 10. Bxd7+ Nxd7 11. Qxe7+ Bxe7 12. Ne4 Nb6 13. Nbc3 O-O 14.
d3 f5 15. Ng3 Bf6 16. Bd2 Rad8 17. O-O-O Nxd5 18. Nxd5 Rxd5 19. c4 Rc5 20. Bb4
Re5 21. Bxf8 Kxf8 22. Rhe1 Rc5 23. Re2 Nc6 24. f4 Ra5 25. Kb1 g6 26. Nf1 Nd4
27. Rf2 b5 28. Nd2 Ra3 29. Nf3 Ne6 30. Ne5 b4 31. Nd7+ Kf7 32. Nxf6 Kxf6 33. d4
a5 34. g3 a4 35. Kb2 c5 36. d5 Nd4 37. Rxd4 cxd4 38. Rd2 d3 39. c5 Ke7 40. Rd1
Rc3 41. Rd2 1/2-1/2

[Event "Otvoreno prvenstvo Subotice 2014"]
[Site "Subotica"]
[Date "2014.03.05"]
[Round "7.10"]
[White "Jelovac, Ivko"]
[Black "Takacs, Tibor"]
[Result "1-0"]
[WhiteElo "1901"]
[BlackElo "1998"]
[PlyCount "91"]
[EventDate "2014.02.19"]

1. e4 e5 2. Bc4 c6 3. Qe2 Nf6 4. d3 Be7 5. Nf3 d6 6. c3 Bg4 7. h3 Bh5 8. O-O
O-O 9. Bb3 Na6 10. Be3 Nc7 11. g4 Bg6 12. Nh4 Kh8 13. Nf5 d5 14. Nxe7 Qxe7 15.
f3 Ne6 16. Qf2 b6 17. Qg3 Nc5 18. Bc2 Rad8 19. b4 Nb7 20. h4 h5 21. Bg5 Rd6 22.
Nd2 Nd8 23. Rae1 Qd7 24. Qxe5 hxg4 25. Bxf6 Rxf6 26. exd5 gxf3 27. Qg3 Bh5 28.
d4 Qxd5 29. Re5 Bg6 30. Rxd5 cxd5 31. Bb3 Bd3 32. Rxf3 Rg6 33. Rxd3 Rxg3+ 34.
Rxg3 Ne6 35. Bxd5 Nf4 36. Bf3 Re8 37. Rg4 Re1+ 38. Kh2 Nd3 39. Re4 Rxe4 40.
Bxe4 Nf4 41. Kh1 Ne2 42. d5 f5 43. d6 Nxc3 44. Kg2 Nxe4 45. Nxe4 fxe4 46. d7
1-0

[Event "Otvoreno prvenstvo Subotice 2014"]
[Site "Subotica"]
[Date "2014.03.05"]
[Round "7.11"]
[White "Hegedus, Antal"]
[Black "Bosnjak, Slobodan"]
[Result "1-0"]
[WhiteElo "1972"]
[BlackElo "1854"]
[PlyCount "87"]
[EventDate "2014.02.19"]

1. d4 d5 2. c4 c6 3. Nc3 e6 4. e3 Nf6 5. Nf3 Be7 6. Bd3 O-O 7. O-O Nbd7 8. b3
Qc7 9. Bb2 e5 10. dxe5 Nxe5 11. Nxe5 Qxe5 12. Nxd5 Qxb2 13. Nxe7+ Kh8 14. Nxc8
Raxc8 15. Qc2 Qe5 16. Be2 Rcd8 17. Bf3 Rd6 18. Rad1 Re6 19. b4 g5 20. Rd4 h5
21. Rfd1 Kg7 22. g3 Rh8 23. Rd8 g4 24. Bg2 Rh6 25. c5 h4 26. R8d6 hxg3 27. hxg3
Nh5 28. Rxe6 Rxe6 29. Rd4 f5 30. Rd7+ Kf6 31. Qd2 Qa1+ 32. Bf1 Kg6 33. Rxb7 Qe5
34. Bc4 Nxg3 35. Qd4 Qxd4 36. exd4 Re1+ 37. Kg2 Ne4 38. Bd3 Rd1 39. Bxe4 fxe4
40. Rd7 Rb1 41. a3 Rb2 42. Kg3 Kf5 43. d5 Rb3+ 44. Kg2 1-0

[Event "Otvoreno prvenstvo Subotice 2014"]
[Site "Subotica"]
[Date "2014.03.05"]
[Round "7.12"]
[White "Miljkovic, Vukasin"]
[Black "Janjusevic, Branislav"]
[Result "1-0"]
[WhiteElo "1683"]
[BlackElo "1965"]
[PlyCount "127"]
[EventDate "2014.02.19"]

1. e4 c5 2. Nc3 e6 3. Nf3 d6 4. Bb5+ Nc6 5. d4 cxd4 6. Nxd4 Bd7 7. Nxc6 bxc6 8.
Bd3 Nf6 9. h3 Be7 10. a3 e5 11. Bg5 O-O 12. Be3 Qc7 13. Qd2 d5 14. Bg5 d4 15.
Ne2 c5 16. b3 a5 17. a4 Be6 18. Bxf6 Bxf6 19. c4 dxc3 20. Qxc3 Be7 21. Bc4 Qc6
22. f3 Bh4+ 23. g3 Be7 24. Kf2 Qb6 25. Rab1 Bf6 26. Kg2 Rac8 27. h4 Rfd8 28.
Rhd1 Rb8 29. Rxd8+ Rxd8 30. Rc1 h6 31. Bb5 Bc8 32. Bc4 Qc7 33. Bd5 Be7 34. Qc4
Bd6 35. Nc3 Qd7 36. Rh1 Rf8 37. Qb5 Qd8 38. Qe2 Kh8 39. Nb5 Bb8 40. Qc4 f5 41.
Nc3 Qd6 42. Qe2 fxe4 43. Bxe4 Qd4 44. Nd5 c4 45. bxc4 Ba6 46. Ne7 Bxc4 47. Qc2
Rd8 48. Rc1 Be6 49. Bf5 Bxf5 50. Nxf5 Qb4 51. Rd1 Qf8 52. Rxd8 Qxd8 53. h5 Ba7
54. Nh4 Qb8 55. Ng6+ Kg8 56. Qf5 Qe8 57. Qxe5 Qxa4 58. Qe6+ Kh7 59. Qc8 Qa2+
60. Kh3 Qg8 61. Qf5 Qb8 62. Ne7+ g6 63. Qxg6+ Kh8 64. Qxh6# 1-0

[Event "Otvoreno prvenstvo Subotice 2014"]
[Site "Subotica"]
[Date "2014.03.05"]
[Round "7.13"]
[White "Bicskei, Mihaly"]
[Black "Puhalo, Zdravko"]
[Result "0-1"]
[WhiteElo "1853"]
[BlackElo "2064"]
[PlyCount "140"]
[EventDate "2014.02.19"]

1. e4 c6 2. d4 d5 3. Nc3 Nf6 4. e5 Nfd7 5. f4 e6 6. Nf3 g6 7. Be2 c5 8. Be3 Qb6
9. Na4 Qa5+ 10. c3 c4 11. O-O b5 12. Nc5 Nc6 13. b4 Qb6 14. a4 a5 15. axb5 Qxb5
16. Qd2 Rb8 17. bxa5 Bxc5 18. dxc5 Qa6 19. g4 h5 20. h3 Rb5 21. f5 gxf5 22.
gxf5 Ne7 23. Nd4 Rxc5 24. fxe6 fxe6 25. Bf4 Nf8 26. Bg5 Nf5 27. Nxf5 exf5 28.
Kh2 Rxa5 29. Rxa5 Qxa5 30. Qb2 Qc7 31. Qb5+ Qd7 32. Qb8 f4 33. Rf3 Ng6 34. Bd1
O-O 35. Qd6 Qe6 36. Qxe6+ Bxe6 37. Rf2 Rf5 38. Bf6 Nxe5 39. Bxe5 Rxe5 40. Rxf4
Re3 41. h4 Bf7 42. Rf3 Re4 43. Rf5 Rxh4+ 44. Kg3 Re4 45. Bxh5 Be6 46. Rf3 Kg7
47. Kf2 Rh4 48. Be8 Rh8 49. Bc6 Rc8 50. Ba4 Ra8 51. Bc6 Ra3 52. Re3 Kf6 53. Ke2
Ra2+ 54. Kd1 Ra6 55. Be8 Bf5 56. Bb5 Rb6 57. Ba4 Rb1+ 58. Kd2 Be4 59. Bd7 Ke5
60. Be8 Kf4 61. Rh3 Rb2+ 62. Kc1 Rc2+ 63. Kd1 Rf2 64. Bh5 Bf5 65. Rh4+ Ke3 66.
Ke1 Rg2 67. Kf1 Rc2 68. Rd4 Rc1+ 69. Kg2 Rxc3 70. Rh4 Be4+ 0-1

[Event "Otvoreno prvenstvo Subotice 2014"]
[Site "Subotica"]
[Date "2014.03.05"]
[Round "7.14"]
[White "Lanji, Laslo"]
[Black "Mandovic, Mirko"]
[Result "1-0"]
[WhiteElo "1839"]
[BlackElo "2010"]
[PlyCount "74"]
[EventDate "2014.02.19"]

1. d4 Nf6 2. Nf3 g6 3. Nc3 d5 4. g3 Bg7 5. Bg2 O-O 6. e3 Na6 7. O-O b6 8. Ne5
Bb7 9. a3 e6 10. Qe1 c5 11. Bd2 Ne4 12. Nf3 f5 13. Nxe4 dxe4 14. Ne5 cxd4 15.
exd4 Qxd4 16. Bc3 Qc5 17. Nd7 Qe7 18. Nxf8 Rxf8 19. Bxg7 Qxg7 20. c3 Nc5 21.
Qe3 e5 22. f4 Nd3 23. b4 Ba6 24. Rfd1 Qc7 25. fxe5 Qxc3 26. Rdc1 Qxe5 27. a4
Nxb4 28. Qb3+ Nd5 29. Bf1 Bxf1 30. Kxf1 Rd8 31. Rd1 Kf7 32. Kg1 Ke7 33. a5 e3
34. Re1 e2 35. Qb5 Qe3+ 36. Kg2 Nc3 37. Ra3 Rd3 1-0

[Event "Otvoreno prvenstvo Subotice 2014"]
[Site "Subotica"]
[Date "2014.03.05"]
[Round "7.15"]
[White "Nemeth, Tibor G"]
[Black "Mester, Robert"]
[Result "0-1"]
[WhiteElo "1928"]
[BlackElo "1933"]
[PlyCount "62"]
[EventDate "2014.02.19"]

1. Nf3 d5 2. d4 Nc6 3. Nc3 Nf6 4. Bf4 g6 5. e3 a6 6. Ne5 Bd7 7. Qf3 e6 8. a3
Nxe5 9. Bxe5 Bg7 10. Be2 O-O 11. Qg3 Ne8 12. Bxg7 Nxg7 13. h4 h6 14. Qf4 Kh7
15. O-O-O Ne8 16. g4 Nd6 17. Bd3 Kg7 18. e4 dxe4 19. Nxe4 Nxe4 20. Bxe4 c6 21.
f3 Qb8 22. Qe3 f5 23. Bd3 fxg4 24. Qe4 Qf4+ 25. Qxf4 Rxf4 26. Rdg1 Rxd4 27. Be4
e5 28. c3 Rc4 29. Rd1 Bf5 30. Rhe1 Rf8 31. Kc2 gxf3 0-1

[Event "Otvoreno prvenstvo Subotice 2014"]
[Site "Subotica"]
[Date "2014.03.05"]
[Round "7.16"]
[White "Sijan, Branko"]
[Black "Bacsa, Zoltan"]
[Result "1-0"]
[WhiteElo "1826"]
[BlackElo "1654"]
[PlyCount "91"]
[EventDate "2014.02.19"]

1. e4 d5 2. exd5 Nf6 3. c4 c6 4. dxc6 Nxc6 5. Nf3 Bf5 6. Be2 Qb6 7. O-O h6 8.
a3 e6 9. Nc3 a6 10. b4 Be7 11. c5 Qc7 12. Bb2 O-O 13. Bc4 Rfd8 14. Ne2 Bg4 15.
Ng3 Bxf3 16. gxf3 Qf4 17. d3 Nd4 18. Bxd4 Rxd4 19. Qe2 Rad8 20. Rfe1 Qc7 21.
Nf5 exf5 22. Qxe7 R8d7 23. Qe5 Qxe5 24. Rxe5 g6 25. Rae1 Kf8 26. Kg2 Nd5 27.
Bxd5 R4xd5 28. Rxd5 Rxd5 29. Rd1 f4 30. d4 Ke7 31. a4 Kd7 32. b5 axb5 33. axb5
Kc7 34. b6+ Kc6 35. Kf1 Rh5 36. Ke2 Kd5 37. Kd3 Rxh2 38. Re1 Rxf2 39. Re5+ Kc6
40. Re7 Rxf3+ 41. Kc4 Rc3+ 42. Kxc3 Kd5 43. Rxb7 f5 44. Rd7+ Ke4 45. Re7+ Kf3
46. b7 1-0

[Event "Otvoreno prvenstvo Subotice 2014"]
[Site "Subotica"]
[Date "2014.03.07"]
[Round "8.1"]
[White "Kovac, Zoltan"]
[Black "Nadj Hedjesi, Balind"]
[Result "0-1"]
[WhiteElo "2031"]
[BlackElo "2397"]
[PlyCount "54"]
[EventDate "2014.02.19"]

1. d4 Nf6 2. c4 Nc6 3. Nc3 e5 4. d5 Ne7 5. e4 Ng6 6. h4 h5 7. Bg5 c6 8. Qc2 Bb4
9. Bd3 Nf4 10. Nge2 Nxe2 11. Bxe2 Qa5 12. Rh3 d6 13. Rg3 Ng4 14. f3 Nf6 15. f4
Ng4 16. f5 Qc5 17. Bf1 Qd4 18. a3 Bc5 19. Nd1 Qg1 20. b4 Bd4 21. Ra2 f6 22. Bc1
g6 23. fxg6 O-O 24. Rxg4 Bxg4 25. Qd2 Rad8 26. Qh6 Rd7 27. Be3 Qh2 0-1

[Event "Otvoreno prvenstvo Subotice 2014"]
[Site "Subotica"]
[Date "2014.03.07"]
[Round "8.2"]
[White "Kler, Borko"]
[Black "Arbutina, Sinisa"]
[Result "0-1"]
[WhiteElo "2254"]
[BlackElo "2285"]
[PlyCount "80"]
[EventDate "2014.02.19"]

1. e4 e5 2. Nf3 Nc6 3. Bb5 Bc5 4. c3 Qf6 5. O-O Nge7 6. d3 h6 7. Nbd2 O-O 8.
Nb3 Bb6 9. d4 d6 10. d5 Nb8 11. Nfd2 a6 12. Be2 Ng6 13. Nc4 Ba7 14. Bg4 Nd7 15.
Ne3 Kh7 16. Na5 Rb8 17. b4 Ne7 18. Bh3 Ng8 19. Ng4 Qh4 20. Be3 Nb6 21. f4 Bxg4
22. Bxg4 Nf6 23. Bf5+ g6 24. g3 Qh5 25. g4 Qh4 26. fxe5 gxf5 27. exf6 Rg8 28.
g5 f4 29. Rxf4 Qxg5+ 30. Kf1 Nxd5 31. Qxd5 Qg2+ 32. Ke1 Bxe3 33. Rf1 Rbe8 34.
Nb3 Rxe4 35. Qf5+ Rg6 36. Kd1 Bf4 37. Rxf4 Qe2+ 38. Kc1 Rxf4 39. Qc2 Rf1+ 40.
Kb2 Qxc2+ 0-1

[Event "Otvoreno prvenstvo Subotice 2014"]
[Site "Subotica"]
[Date "2014.03.07"]
[Round "8.3"]
[White "Kosa, Jeno"]
[Black "Sedlak, Ivan"]
[Result "0-1"]
[WhiteElo "2073"]
[BlackElo "2126"]
[PlyCount "119"]
[EventDate "2014.02.19"]

1. d4 Nf6 2. g3 d5 3. Nf3 Bg4 4. Ne5 Bf5 5. Bg2 Nbd7 6. c4 c6 7. cxd5 cxd5 8.
Nc3 e6 9. Nxd7 Qxd7 10. O-O Be7 11. Bf4 O-O 12. Rc1 Rfc8 13. Be5 Rc4 14. a3
Rac8 15. f3 Bxa3 16. Qb3 Be7 17. Ra1 Rb4 18. Qa2 a6 19. e4 dxe4 20. fxe4 Bg6
21. h3 Rxd4 22. Bxd4 Qxd4+ 23. Kh2 Nxe4 24. Bxe4 Bxe4 25. Rad1 Qb4 26. Rf4 Rc4
27. Rd7 Bf6 28. Nxe4 Rxe4 29. Rxe4 Qxe4 30. b3 Qc6 31. Qd2 h5 32. Rd3 Qb5 33.
Rf3 a5 34. Qc2 Qd5 35. Qc8+ Kh7 36. Qc2+ Kh6 37. Rd3 Qe5 38. Kg2 h4 39. gxh4
Bxh4 40. Rf3 f5 41. Qc4 Bf6 42. Rf2 b5 43. Qd3 f4 44. Re2 Qg5+ 45. Kh2 Qd5 46.
Qe4 Qxe4 47. Rxe4 e5 48. Kg2 Kg5 49. Kf3 Kh4 50. Re1 g5 51. Rg1 a4 52. bxa4
bxa4 53. Ke4 Kxh3 54. Ra1 g4 55. Rxa4 f3 56. Ke3 Kg2 57. Ra1 Bg5+ 58. Ke4 f2
59. Kxe5 g3 60. Kf5 0-1

[Event "Otvoreno prvenstvo Subotice 2014"]
[Site "Subotica"]
[Date "2014.03.07"]
[Round "8.4"]
[White "Pardic, Oliver"]
[Black "Vecseri, Julius"]
[Result "1-0"]
[WhiteElo "2258"]
[BlackElo "2020"]
[PlyCount "39"]
[EventDate "2014.02.19"]

1. d4 d5 2. Nc3 c6 3. Bg5 g6 4. Nf3 Bg7 5. e4 dxe4 6. Nxe4 Bg4 7. Bc4 Qa5+ 8.
Bd2 Qf5 9. Qe2 Qd7 10. Bf4 e6 11. O-O-O Kf8 12. h3 Bxf3 13. Qxf3 Ne7 14. Rhe1
Nd5 15. Ng5 Kg8 16. Qg3 Na6 17. Kb1 Bh6 18. Be5 f6 19. Bxf6 Bg7 20. Bxg7 1-0

[Event "Otvoreno prvenstvo Subotice 2014"]
[Site "Subotica"]
[Date "2014.03.07"]
[Round "8.6"]
[White "Meszaros, Bela"]
[Black "Jelovac, Ivko"]
[Result "1-0"]
[WhiteElo "2259"]
[BlackElo "1901"]
[PlyCount "37"]
[EventDate "2014.02.19"]

1. e4 c5 2. Nf3 d6 3. d4 cxd4 4. Nxd4 Nf6 5. Nc3 a6 6. Be2 e6 7. O-O Be7 8. Be3
O-O 9. f4 Qc7 10. a4 Nc6 11. Bf3 Bd7 12. g4 Nxd4 13. Bxd4 Bc6 14. a5 d5 15. Bb6
Qxf4 16. exd5 Bd6 17. Rf2 exd5 18. Nxd5 Ne4 19. Nxf4 1-0

[Event "Otvoreno prvenstvo Subotice 2014"]
[Site "Subotica"]
[Date "2014.03.07"]
[Round "8.7"]
[White "Tomik, Lajos"]
[Black "Miljkovic, Vukasin"]
[Result "1-0"]
[WhiteElo "2052"]
[BlackElo "1683"]
[PlyCount "61"]
[EventDate "2014.02.19"]

1. d4 e6 2. Nf3 b6 3. c4 Bb7 4. Nc3 Bb4 5. Qc2 Bxf3 6. exf3 Nf6 7. Bg5 h6 8.
Bh4 Nc6 9. O-O-O Bxc3 10. Qxc3 a5 11. d5 Nb4 12. Kb1 d6 13. f4 Na6 14. g4 Nc5
15. Bg2 Rb8 16. Rhe1 O-O 17. dxe6 fxe6 18. Bc6 Qc8 19. g5 hxg5 20. Bxg5 Nh7 21.
Rg1 Rf7 22. Bh6 Qf8 23. f5 Re7 24. fxe6 Qf6 25. Qxf6 Nxf6 26. Bd5 Rbe8 27. Bg5
Kh8 28. Rd4 Nxe6 29. Rh4+ Nh7 30. Bxe7 Rxe7 31. Re1 1-0

[Event "Otvoreno prvenstvo Subotice 2014"]
[Site "Subotica"]
[Date "2014.03.07"]
[Round "8.8"]
[White "Solymosi, Andras"]
[Black "Hegedus, Antal"]
[Result "1-0"]
[WhiteElo "1788"]
[BlackElo "1972"]
[PlyCount "51"]
[EventDate "2014.02.19"]

1. c4 c5 2. Nf3 Nf6 3. g3 Nc6 4. Bg2 e5 5. Nc3 d6 6. O-O Be7 7. d3 h6 8. Bd2
Be6 9. e4 Bg4 10. h3 Bh5 11. g4 Bg6 12. a3 Qc7 13. Ne1 Nd4 14. b4 b6 15. f4 O-O
16. f5 Bh7 17. h4 Ne8 18. g5 hxg5 19. hxg5 cxb4 20. axb4 Qd8 21. Qh5 Nb3 22.
Rf3 g6 23. Qh6 Ng7 24. Rh3 Nh5 25. Rxh5 gxh5 26. f6 1-0

[Event "Otvoreno prvenstvo Subotice 2014"]
[Site "Subotica"]
[Date "2014.03.07"]
[Round "8.9"]
[White "Mester, Robert"]
[Black "Pajzer, Istvan"]
[Result "1-0"]
[WhiteElo "1933"]
[BlackElo "2157"]
[PlyCount "94"]
[EventDate "2014.02.19"]

1. e4 c5 2. f4 d6 3. Nf3 Nc6 4. d4 cxd4 5. Nxd4 Bd7 6. Nxc6 Bxc6 7. Bd3 g6 8.
Bd2 Bg7 9. Bc3 Nf6 10. O-O Qb6+ 11. Kh1 O-O 12. Nd2 Rac8 13. Qe2 Nd7 14. Nc4
Qc7 15. Bxg7 Kxg7 16. b4 Bb5 17. Ne3 Bxd3 18. cxd3 e6 19. a4 a6 20. g3 Qc6 21.
Rfb1 f5 22. Rc1 Qxc1+ 23. Rxc1 Rxc1+ 24. Kg2 Nf6 25. exf5 exf5 26. Qb2 Rfc8 27.
Nc4 Re1 28. Nxd6 Rc6 29. Nxb7 Kh6 30. Nd8 Rb6 31. a5 Rbe6 32. Nxe6 Rxe6 33. b5
axb5 34. Qxb5 Ng4 35. d4 Re4 36. a6 Rxd4 37. Kf1 Rd2 38. Ke1 Ra2 39. h3 Nf6 40.
Qb7 Ra1+ 41. Ke2 Ne4 42. a7 Nxg3+ 43. Kd3 Ra3+ 44. Kd4 Ra4+ 45. Kd5 Ra5+ 46.
Kc6 Ra3 47. a8=Q Rc3+ 1-0

[Event "Otvoreno prvenstvo Subotice 2014"]
[Site "Subotica"]
[Date "2014.03.07"]
[Round "8.10"]
[White "Smit, Jovan"]
[Black "Puhalo, Zdravko"]
[Result "0-1"]
[WhiteElo "1817"]
[BlackElo "2064"]
[PlyCount "96"]
[EventDate "2014.02.19"]

1. e4 d6 2. Nf3 Nc6 3. Nc3 Nf6 4. d4 Bg4 5. Be2 Bxf3 6. Bxf3 e5 7. d5 Ne7 8.
Bg5 Ng6 9. Qd3 a6 10. O-O Be7 11. Be3 O-O 12. Rae1 Nd7 13. Bd1 Bg5 14. Ne2 Bxe3
15. Qxe3 f5 16. exf5 Rxf5 17. c4 a5 18. Bc2 Rf6 19. Ng3 Ngf8 20. Ne4 Rh6 21.
Ng3 Qh4 22. h3 Rf6 23. Nf5 Qxc4 24. Rc1 Qf4 25. Qxf4 exf4 26. Rfe1 g6 27. Nh6+
Kg7 28. Ng4 Rf7 29. Re2 f3 30. gxf3 Rxf3 31. Rce1 Rf7 32. Re7 h5 33. Nh2 Rxe7
34. Rxe7+ Kf6 35. Re3 c5 36. dxc6 bxc6 37. Nf3 c5 38. Nh4 Rb8 39. b3 Rb4 40.
Ng2 g5 41. Rf3+ Ke7 42. Ne3 Nb6 43. Nf5+ Kd7 44. Nxd6 Ne6 45. Ne4 g4 46. Rf5
Kc6 47. Rxh5 gxh3 48. Nxc5 Nxc5 0-1

[Event "Otvoreno prvenstvo Subotice 2014"]
[Site "Subotica"]
[Date "2014.03.07"]
[Round "8.11"]
[White "Doslov, Ostoja"]
[Black "Matkovic, Jovan"]
[Result "1/2-1/2"]
[WhiteElo "1875"]
[BlackElo "2017"]
[PlyCount "27"]
[EventDate "2014.02.19"]

1. c4 e5 2. Nc3 d6 3. g3 g6 4. Bg2 Bg7 5. e3 c6 6. d4 Qc7 7. Nge2 Ne7 8. O-O f5
9. b3 a6 10. Bb2 O-O 11. Rb1 Nd7 12. Qc2 Nf6 13. dxe5 dxe5 14. Rfd1 1/2-1/2

[Event "Otvoreno prvenstvo Subotice 2014"]
[Site "Subotica"]
[Date "2014.03.07"]
[Round "8.12"]
[White "Takacs, Tibor"]
[Black "Lanji, Laslo"]
[Result "1-0"]
[WhiteElo "1998"]
[BlackElo "1839"]
[PlyCount "42"]
[EventDate "2014.02.19"]

1. e4 e5 2. Nf3 d6 3. Bc4 Bg4 4. c3 Bxf3 5. gxf3 b6 6. d4 Nd7 7. Qb3 Qe7 8. Rg1
c6 9. Be3 Ngf6 10. a4 h6 11. Nd2 Rb8 12. Qa2 g6 13. f4 exf4 14. Bxf4 b5 15.
axb5 cxb5 16. Bd3 Bg7 17. Ke2 O-O 18. Ke3 b4 19. Rxg6 Kh7 20. Rxg7+ Kxg7 21.
Rg1+ Kh8 1-0

[Event "Otvoreno prvenstvo Subotice 2014"]
[Site "Subotica"]
[Date "2014.03.07"]
[Round "8.13"]
[White "Janjusevic, Branislav"]
[Black "Szabo, Nikita"]
[Result "1/2-1/2"]
[WhiteElo "1965"]
[BlackElo "1638"]
[PlyCount "71"]
[EventDate "2014.02.19"]

1. e4 c5 2. Nf3 Nc6 3. d4 cxd4 4. Nxd4 g6 5. c4 Nf6 6. Nc3 d6 7. h3 Nxd4 8.
Qxd4 Bg7 9. Qd3 O-O 10. Be2 Nd7 11. O-O Nc5 12. Qc2 Be6 13. Nd5 Qd7 14. Nf4
Rac8 15. Rb1 f5 16. Nxe6 Nxe6 17. exf5 Nd4 18. Qd1 Nxe2+ 19. Qxe2 Qxf5 20. Be3
a6 21. b3 b5 22. cxb5 axb5 23. Rbc1 b4 24. Bd2 Rc2 25. Qe3 Rxa2 26. Bxb4 Be5
27. Rc7 Ra1 28. Rxa1 Bxa1 29. Rxe7 Bf6 30. Qe6+ Qxe6 31. Rxe6 Bd4 32. Re2 Rb8
33. Bxd6 Rxb3 34. g3 Kf7 35. Kg2 h5 36. h4 1/2-1/2

[Event "Otvoreno prvenstvo Subotice 2014"]
[Site "Subotica"]
[Date "2014.03.07"]
[Round "8.14"]
[White "Vucelic, Rade"]
[Black "Sijan, Branko"]
[Result "1-0"]
[WhiteElo "1917"]
[BlackElo "1826"]
[PlyCount "62"]
[EventDate "2014.02.19"]

1. e4 e5 2. Nf3 Nc6 3. Bc4 Bc5 4. c3 a5 5. d3 d6 6. Ng5 Nh6 7. h3 O-O 8. Qh5
Qf6 9. O-O Qg6 10. Qxg6 hxg6 11. Kh2 Kh8 12. Be3 Bxe3 13. fxe3 f6 14. Na3 Bd7
15. Ne6 Bxe6 16. Bxe6 Nd8 17. Bb3 c6 18. Nc4 Nhf7 19. a4 b5 20. axb5 cxb5 21.
Na3 Nh6 22. Bd5 Rb8 23. Nb1 Nb7 24. d4 f5 25. Ra2 Nd8 26. Rxa5 Ndf7 27. Bxf7
Nxf7 28. exf5 gxf5 29. Rxf5 Nh6 30. Rxf8+ Rxf8 31. Ra6 Rf2 1-0

[Event "Otvoreno prvenstvo Subotice 2014"]
[Site "Subotica"]
[Date "2014.03.07"]
[Round "8.15"]
[White "Bosnjak, Slobodan"]
[Black "Mandovic, Mirko"]
[Result "1/2-1/2"]
[WhiteElo "1854"]
[BlackElo "2010"]
[PlyCount "51"]
[EventDate "2014.02.19"]

1. e4 c5 2. g3 Nc6 3. Bg2 g6 4. Nf3 Bg7 5. O-O d6 6. c3 Nf6 7. Re1 O-O 8. d4 e5
9. dxe5 dxe5 10. Qc2 Qe7 11. Bg5 h6 12. Be3 Be6 13. Nfd2 Ng4 14. Nf1 Nxe3 15.
Nxe3 b5 16. Nd5 Qb7 17. Nd2 c4 18. b3 Ne7 19. bxc4 bxc4 20. Nxc4 Nxd5 21. exd5
Bxd5 22. Rab1 Qc6 23. Na5 Qc5 24. Nb3 Qc4 25. Na5 Qc5 26. Nb3 1/2-1/2

[Event "Otvoreno prvenstvo Subotice 2014"]
[Site "Subotica"]
[Date "2014.03.10"]
[Round "9.1"]
[White "Sedlak, Ivan"]
[Black "Nadj Hedjesi, Balind"]
[Result "0-1"]
[WhiteElo "2126"]
[BlackElo "2397"]
[PlyCount "106"]
[EventDate "2014.02.19"]

1. e4 e5 2. Nf3 Nc6 3. Bb5 Nge7 4. d4 exd4 5. Nxd4 a6 6. Ba4 g6 7. Bg5 Bg7 8.
Nxc6 bxc6 9. Nc3 Rb8 10. Bb3 h6 11. Bh4 d6 12. O-O O-O 13. Qe2 g5 14. Bg3 Ng6
15. Rad1 Qe7 16. Rfe1 Re8 17. h3 Be5 18. Qh5 Kg7 19. Re3 Rb4 20. Bxe5+ Qxe5 21.
g3 Bd7 22. Rf3 Rf8 23. Re3 a5 24. a3 Rbb8 25. Kg2 Qe8 26. Qe2 h5 27. Qd2 f6 28.
Ne2 Qe5 29. Qd4 c5 30. Qxe5 fxe5 31. Rb1 h4 32. Nc3 Rh8 33. Rf3 Rbf8 34. Rxf8
Kxf8 35. g4 Nf4+ 36. Kh2 Ke7 37. Bc4 Rb8 38. a4 c6 39. b3 Rf8 40. Rd1 Nxh3 41.
Kxh3 Rf3+ 42. Kh2 Rxc3 43. Bd3 Bxg4 44. Rg1 Be6 45. Rxg5 Bxb3 46. Rg7+ Bf7 47.
Kg1 Kf8 48. Rh7 c4 49. Bf1 Rxc2 50. Rh8+ Ke7 51. Ra8 Rc1 52. f3 c3 53. Kf2 c2
0-1

[Event "Otvoreno prvenstvo Subotice 2014"]
[Site "Subotica"]
[Date "2014.03.10"]
[Round "9.2"]
[White "Arbutina, Sinisa"]
[Black "Pardic, Oliver"]
[Result "1-0"]
[WhiteElo "2285"]
[BlackElo "2258"]
[PlyCount "55"]
[EventDate "2014.02.19"]

1. d4 e5 2. dxe5 Nc6 3. Nf3 d5 4. exd6 Bxd6 5. Bg5 f6 6. Bh4 Bf5 7. e3 g5 8.
Bg3 Bxg3 9. hxg3 Qxd1+ 10. Kxd1 O-O-O+ 11. Kc1 Nge7 12. Be2 Nd5 13. a3 Rhe8 14.
Rd1 g4 15. Nd4 Nxe3 16. Nxf5 Nxd1 17. Bxd1 Re1 18. Nc3 Rf1 19. Ne3 Rxf2 20.
Bxg4+ Kb8 21. Ne4 f5 22. Nxf2 fxg4 23. Nd3 Nd4 24. Kd2 Re8 25. Rf1 h5 26. Rf4
c5 27. Nxc5 Rd8 28. Nd3 1-0

[Event "Otvoreno prvenstvo Subotice 2014"]
[Site "Subotica"]
[Date "2014.03.10"]
[Round "9.4"]
[White "Meszaros, Bela"]
[Black "Solymosi, Andras"]
[Result "1-0"]
[WhiteElo "2259"]
[BlackElo "1788"]
[PlyCount "53"]
[EventDate "2014.02.19"]

1. e4 c5 2. Nf3 d6 3. d3 g6 4. g3 Bg7 5. Bg2 Nf6 6. O-O O-O 7. c3 Nc6 8. Re1
Bd7 9. Be3 Rc8 10. a4 Ng4 11. Bg5 Qb6 12. Qc2 h6 13. Bc1 Be6 14. h3 Nge5 15.
Nh4 Na5 16. Be3 Qa6 17. Bf1 Bb3 18. Qe2 c4 19. Qd2 Nxd3 20. Bxd3 cxd3 21. Bxh6
Nc4 22. Qc1 b5 23. Nf5 Rc5 24. Bxg7 gxf5 25. Qh6 f6 26. Qh8+ Kf7 27. Qxf8+ 1-0

[Event "Otvoreno prvenstvo Subotice 2014"]
[Site "Subotica"]
[Date "2014.03.10"]
[Round "9.5"]
[White "Tomik, Lajos"]
[Black "Kovac, Zoltan"]
[Result "0-1"]
[WhiteElo "2052"]
[BlackElo "2031"]
[PlyCount "116"]
[EventDate "2014.02.19"]

1. Nf3 d5 2. g3 Nf6 3. Bg2 Bf5 4. d3 e6 5. O-O Nbd7 6. Nbd2 c6 7. Qe1 Be7 8. e4
dxe4 9. dxe4 Bg6 10. Qe2 Qc7 11. Ne1 h5 12. h3 h4 13. g4 O-O-O 14. Nd3 Ng8 15.
Nc4 e5 16. b4 f6 17. Be3 Bf7 18. Na5 b6 19. Nb3 Bc4 20. a3 g5 21. Rfc1 Nh6 22.
Nd2 Ba6 23. c4 c5 24. Nb3 Nf7 25. bxc5 Nxc5 26. Ndxc5 bxc5 27. Bf1 Kb8 28. Bd2
Rd7 29. Ba5 Qc6 30. f3 Nd8 31. Rab1 Ka8 32. Be1 Ne6 33. Bf2 Rg8 34. Rd1 Rxd1
35. Qxd1 Rd8 36. Qc2 Qc7 37. Rd1 Rb8 38. a4 Nd4 39. Nxd4 cxd4 40. Rc1 Bc5 41.
Bd3 Qb6 42. Be1 Rb7 43. Bd2 Qb3 44. Ba5 Qxc2 45. Rxc2 Rb3 46. Rd2 Be7 47. Kf2
Bb4 48. Bxb4 Rxb4 49. Rc2 Rxa4 50. Ke2 Kb7 51. Kd2 Kc6 52. Rb2 Bxc4 53. Bc2 Ra2
54. Rxa2 Bxa2 55. Ba4+ Kc5 56. Be8 Kb4 57. Kc2 a5 58. Bd7 Bc4 0-1

[Event "Otvoreno prvenstvo Subotice 2014"]
[Site "Subotica"]
[Date "2014.03.10"]
[Round "9.6"]
[White "Puhalo, Zdravko"]
[Black "Kosa, Jeno"]
[Result "0-1"]
[WhiteElo "2064"]
[BlackElo "2073"]
[PlyCount "76"]
[EventDate "2014.02.19"]

1. d4 Nf6 2. c4 g6 3. Nc3 d5 4. Bg5 Ne4 5. Nxe4 dxe4 6. e3 Bg7 7. c5 O-O 8. Bc4
b6 9. b4 c6 10. Ne2 Bg4 11. h3 Bxe2 12. Bxe2 Re8 13. O-O bxc5 14. bxc5 Qd5 15.
Bf4 e5 16. dxe5 Qxc5 17. Rc1 Qa5 18. Qc2 Bxe5 19. Qxe4 f5 20. Qf3 Kg7 21. Bc4
a6 22. Rfd1 Ra7 23. Rb1 Qc7 24. g3 Nd7 25. Rd2 Nf6 26. Rbd1 Ne4 27. Rd3 Qe7 28.
Bxa6 Nc5 29. Bc4 Nxd3 30. Bxd3 Rxa2 31. Qxc6 Bxf4 32. gxf4 Ra7 33. Qc3+ Qf6 34.
Qc4 Rea8 35. Bf1 Kh6 36. Qd5 Ra1 37. Rxa1 Rxa1 38. Qc5 Qa6 0-1

[Event "Otvoreno prvenstvo Subotice 2014"]
[Site "Subotica"]
[Date "2014.03.10"]
[Round "9.7"]
[White "Matkovic, Jovan"]
[Black "Mester, Robert"]
[Result "1/2-1/2"]
[WhiteElo "2017"]
[BlackElo "1933"]
[PlyCount "62"]
[EventDate "2014.02.19"]

1. e4 e5 2. Nf3 Nc6 3. Bc4 Nd4 4. O-O Nxf3+ 5. Qxf3 Qf6 6. Qb3 Bc5 7. Nc3 Ne7
8. Na4 Bb6 9. Nxb6 axb6 10. Qe3 O-O 11. f4 exf4 12. Rxf4 Qc6 13. Bb3 d5 14. d4
dxe4 15. Rxe4 Ng6 16. Bd2 Bf5 17. d5 Qc5 18. Rd4 Rfe8 19. Qf2 Re2 20. Qxe2
Qxd4+ 21. Qf2 Qxf2+ 22. Kxf2 c6 23. c4 Ne5 24. Bc3 Nd7 25. g4 Bxg4 26. Rg1 Bf5
27. Bxg7 Bg6 28. Bd4 Re8 29. h4 Re4 30. h5 Rxd4 31. hxg6 hxg6 1/2-1/2